000 00295nam a22001337a 4500
020 _a978-81-291-3742-5
082 _a824
_bBHA/M
100 _aBHAGAT,CHETAN
245 _aMAKING INDIA AWESOME
260 _aNEW DELHI
_bRUPA
300 _a177
650 _aESSAYS& COLUMNS
_zNEW DELHI
942 _cBK
999 _c3644
_d3644